skbl

Dr Suryya Kumar Bhuyan Library Web-OPAC
ডঃ সূৰ্য্য
কুমাৰ ভূঞা পুথিভঁৰাল ৱেব-অ'পেক

All Research Scholars are advised to clear the annual library fees to continue using Library Resources, Remote Access, Plagiarism Test and Library Clearance.

Cotton University Book Fair 2026

London Labour And The London Poor (Record no. 57258)

MARC details
000 -LEADER
fixed length control field 00581nam a2200205Ia 4500
001 - CONTROL NUMBER
control field 57345
008 - FIXED-LENGTH DATA ELEMENTS--GENERAL INFORMATION
fixed length control field 140117n2010 ii |||gr||||Z||||||465
020 ## - INTERNATIONAL STANDARD BOOK NUMBER
International Standard Book Number 978-0-19-956608-2
082 ## - DEWEY DECIMAL CLASSIFICATION NUMBER
Classification number 305.
245 #0 - TITLE STATEMENT
Title London Labour And The London Poor
Statement of responsibility, etc. Henry Mayhew
Medium Textual Documents
250 ## - EDITION STATEMENT
Edition statement Ist ed.
260 ## - PUBLICATION, DISTRIBUTION, ETC.
Place of publication, distribution, etc. Delhi
Name of publisher, distributor, etc. Oxford university
Date of publication, distribution, etc. 2010
300 ## - PHYSICAL DESCRIPTION
Extent 472pg:
Dimensions 20cm.
653 ## - INDEX TERM--UNCONTROLLED
Uncontrolled term Sociology
653 ## - INDEX TERM--UNCONTROLLED
Uncontrolled term G- Sociology
653 ## - INDEX TERM--UNCONTROLLED
Uncontrolled term London Labour And London Poor
700 ## - ADDED ENTRY--PERSONAL NAME
Personal name Mayhew , Henry ,
Relator term Author.
856 ## - ELECTRONIC LOCATION AND ACCESS
Uniform Resource Identifier <a href="Edited by Robert Douglas Fairhurst">Edited by Robert Douglas Fairhurst</a>
942 ## - ADDED ENTRY ELEMENTS (KOHA)
Source of classification or shelving scheme Dewey Decimal Classification
Koha item type Books
Holdings
Withdrawn status Lost status Damaged status Not for loan Collection Home library Current library Shelving location Date acquired Coded location qualifier Total checkouts Full call number Barcode Date last seen Copy number Price effective from Koha item type
          Dr. Suryya Kumar Bhuyan Library Dr. Suryya Kumar Bhuyan Library   17/01/2014 00000   305.569 Ma 453 Lo 832/Eng 14/01/2024 1 17/01/2014 Books

Designed and Maintained by Team SKBL
©1901-2026

Powered by Koha